|
|
|
|
| LEADER |
00790pam a22002418a 4500 |
| 001 |
00024392 |
| 005 |
20171026081023.0 |
| 008 |
110718s2006 ||||||engsd |
| 020 |
# |
# |
|a 0131993194 (with answer key)
|
| 020 |
# |
# |
|a 0131993208 (without answer key)
|
| 041 |
0 |
# |
|a eng
|
| 082 |
1 |
4 |
|a 428
|b L400N
|
| 100 |
1 |
# |
|a Lougheed, Lin
|d 1946-
|
| 245 |
1 |
0 |
|a Longman preparation series for the new TOEIC test
|b Introductory course
|c Lin Lougheed
|
| 250 |
# |
# |
|a 4th ed.
|
| 260 |
# |
# |
|a White Plains, NY
|b Pearson Education
|c 2006
|
| 300 |
# |
# |
|a xiv, 382 p.
|b ill.
|c 28 cm.
|e 1 CD
|
| 650 |
# |
4 |
|a Bài tập
|
| 650 |
# |
4 |
|a Tiếng anh
|
| 852 |
# |
# |
|b Kho đọc
|j KD.0008443
|
| 852 |
# |
# |
|j KD.0008443
|
| 910 |
|
|
|d Ntuyet
|
| 980 |
# |
# |
|a Trung tâm Học liệu Lê Vũ Hùng, Trường Đại học Đồng Tháp
|